| 000 | 00685nam a22002177a 4500 | ||
|---|---|---|---|
| 999 |
_c14880 _d14880 |
||
| 003 | AR-CdUCM | ||
| 008 | 190425b ||||| |||| 00| 0 spa d | ||
| 020 | _a978-84-9825-948-3 | ||
| 040 |
_aMUNICIPALIDAD PROVINCIAL DEL CUSCO _cBIBLIOTECA MUNICIPAL DEL CUSCO |
||
| 082 |
_aPI / 803.08 / _bM26 |
||
| 100 |
_aMartí, Meritxell _933816 |
||
| 245 | _aRicitos de oro / | ||
| 260 |
_aBarcelona : _bCombel, _c2015. |
||
| 300 |
_a8 paginas ; _bIlustraciones plegables, _c20 cm. |
||
| 650 |
_aRicitos de oro _933838 |
||
| 650 |
_aCuento para niñas _933839 |
||
| 650 |
_aCuento de princesas _933836 |
||
| 700 |
_aSalomó, Xavier _933373 |
||
| 942 |
_2ddc _cLIBROS |
||
| 945 |
_awnts _d2019-04-25 |
||